000 00611nam a2200205Ii 4500
003 JO-AjNU
008 230605s9999||||xx |||||||||||||| ||und||
040 _aJO-AjNU
_bara
_erda
_cJO-AjNU
041 _aara
050 1 4 _aQ158.5.I44 1987
100 3 _aالكرنز ، مهدي واخرون,
_eauthor
_941163
245 0 0 _aالعلم والحياة
250 _aط2
264 3 1 _aعمان:دار عمار للنشر ، 1987
300 _a230ص
336 _atext
_btxt
_2rdacontent
337 _aunmediated
_bn
_2rdamedia
338 _avolume
_bnc
_2rdacarrier
650 4 _aالعلم والحياه
_941164
999 _aA17528
_c21096
_d21096